000 00449 a2200157 4500
999 _c8027
_d8027
020 _a177900317x
050 _aLB 3011KAS 1998
100 _aKasambira, P.K
_eauthor
245 _aEducation administration and management/
_cP.K Kasambira
264 _aHarare :
_bCollege Press
_c1998
300 _aviii, 223p. :
500 _aIncludes bibliographical references
650 _aAdminstration
650 _aManagement
942 _2lcc
_cBK
_h3011
_iKAS
_kLB